| 000 -LEADER |
| fixed length control field |
00784nam a2200241 a 4500 |
| 001 - CONTROL NUMBER |
| control field |
517 |
| 003 - CONTROL NUMBER IDENTIFIER |
| control field |
BD-DhUAP |
| 005 - DATE AND TIME OF LATEST TRANSACTION |
| control field |
20201111114114.0 |
| 008 - FIXED-LENGTH DATA ELEMENTS--GENERAL INFORMATION |
| fixed length control field |
201111s1987 ii a b 001 0 eng |
| 040 ## - CATALOGING SOURCE |
| Original cataloging agency |
DLC |
| Transcribing agency |
DLC |
| Modifying agency |
BD-DhUAP |
| Language of cataloging |
Eng |
| 082 00 - DEWEY DECIMAL CLASSIFICATION NUMBER |
| Edition number |
23 |
| Classification number |
535 SUB |
| 100 ## - MAIN ENTRY--PERSONAL NAME |
| Personal name |
Subrahmanyam, N. |
| 245 ## - TITLE STATEMENT |
| Title |
A textbook of optics : |
| Remainder of title |
for B. Sc. (pass, honours and subsidiary), engineering students of Indian universities and IAS examinations / |
| Statement of responsibility, etc. |
N. Subrahmanyam and Brij Lal. |
| 250 ## - EDITION STATEMENT |
| Edition statement |
18th ed. |
| 260 ## - PUBLICATION, DISTRIBUTION, ETC. |
| Place of publication, distribution, etc. |
New Delhi : |
| Name of publisher, distributor, etc. |
S. chand & co. (pvt) ltd., |
| Date of publication, distribution, etc. |
c1987. |
| 300 ## - PHYSICAL DESCRIPTION |
| Extent |
xv, 612 pages : |
| Other physical details |
illustrations ; |
| Dimensions |
21 cm. |
| 500 ## - GENERAL NOTE |
| General note |
Includes index. |
| 650 ## - SUBJECT ADDED ENTRY--TOPICAL TERM |
| Topical term or geographic name entry element |
Optics |
| 650 ## - SUBJECT ADDED ENTRY--TOPICAL TERM |
| Topical term or geographic name entry element |
Physics. |
| 700 ## - ADDED ENTRY--PERSONAL NAME |
| Personal name |
Lal, Brij. |
| 942 00 - ADDED ENTRY ELEMENTS (KOHA) |
| Source of classification or shelving scheme |
|
| Koha item type |
Book |